[Event "Adelaide Checkmate op"]
[Site "Adelaide"]
[Date "2008.07.05"]
[Round "4"]
[White "Milton, Anthony W"]
[Black "Glasson, Benjamin"]
[Result "0-1"]
[WhiteElo "1548"]
[BlackElo "1589"]
[PlyCount "68"]
[EventDate "2008.07.05"]
[EventType "swiss"]
[EventRounds "7"]
[EventCountry "AUS"]
[SourceTitle "EXT 2010"]
[Source "ChessBase"]
[SourceDate "2010.11.25"]
[SourceVersion "1"]
[SourceVersionDate "2010.11.25"]
[SourceQuality "1"]

1. d4 Nf6 2. c4 c5 3. d5 b5 4. cxb5 a6 5. bxa6 Bxa6 6. g3 d6 7. Bg2 Nbd7 8. Nc3 g6 9. Nf3 Bg7 10. 0-0 Qb6 11. Re1 0-0 12. e4 Rfb8 13. Qc2 Ng4 14. Bh3 Nge5 15. Nxe5 Nxe5 16. Re3 c4 17. Bf1 Nd3 18. Bxd3 cxd3 19. Qd2 Rc8 20. Rf3 Rf8 21. Rb1 Rac8 22. Na4 Qb5 23. b3 Rc2 24. Qg5 d2 25. Bxd2 Qe2 26. Qe3 Rxd2 27. Qxe2 Rxe2 28. a3 Rc8 29. b4 Bb5 30. Nb6 Rcc2 31. Rd1 Bd4 32. Rxd4 Re1+ 33. Kg2 Bf1+ 34. Kg1 Bh3# 0-1

[Event "Adelaide Interclub-B"]
[Site "Adelaide"]
[Date "2008.06.03"]
[Round "6.1"]
[White "Glasson, Benjamin"]
[Black "Low, Brandon"]
[Result "1-0"]
[WhiteElo "1589"]
[BlackElo "1365"]
[PlyCount "57"]
[EventDate "2008.04.29"]
[EventType "team-tourn"]
[EventRounds "9"]
[EventCountry "AUS"]
[SourceTitle "EXT 2010"]
[Source "ChessBase"]
[SourceDate "2010.11.25"]
[SourceVersion "1"]
[SourceVersionDate "2010.11.25"]
[SourceQuality "1"]

1. e4 e5 2. Nf3 d6 3. d4 exd4 4. Nxd4 Bd7 5. Nc3 Nc6 6. Be3 Nf6 7. f3 Be7 8. g4 h6 9. Qd2 Nh7 10. 0-0-0 Bg5 11. f4 Bf6 12. Nf5 Bxf5 13. exf5 Bxc3 14. Qxc3 Qf6 15. Qb3 Kd7 16. h4 Rhe8 17. Bb5 a6 18. Bd4 Qe7 19. Bxc6+ bxc6 20. Bxg7 Qe3+ 21. Qxe3 Rxe3 22. Rde1 Rae8 23. Rxe3 Rxe3 24. g5 Ke7 25. Kd2 Re4 26. Re1 Rxe1 27. Kxe1 hxg5 28. fxg5 f6 29. g6 1-0

[Event "Adelaide Interclub-B"]
[Site "Adelaide"]
[Date "2008.04.29"]
[Round "1.1"]
[White "Low, Brandon"]
[Black "Glasson, Benjamin"]
[Result "0-1"]
[WhiteElo "1365"]
[BlackElo "1589"]
[PlyCount "62"]
[EventDate "2008.04.29"]
[EventType "team-tourn"]
[EventRounds "9"]
[EventCountry "AUS"]
[SourceTitle "EXT 2010"]
[Source "ChessBase"]
[SourceDate "2010.11.25"]
[SourceVersion "1"]
[SourceVersionDate "2010.11.25"]
[SourceQuality "1"]

1. e4 c5 2. Nc3 Nc6 3. Nf3 g6 4. d4 cxd4 5. Nxd4 Bg7 6. Nxc6 bxc6 7. Bd3 Qc7 8. Ne2 Nf6 9. Rb1 0-0 10. 0-0 d5 11. exd5 cxd5 12. Qd2 e5 13. Qc3 Qxc3 14. Nxc3 Be6 15. f3 Rfc8 16. Ba6 Rc7 17. Rf2 e4 18. Bf4 Rc5 19. Bb7 Rd8 20. Be5 d4 21. Bxf6 e3 22. Bxd8 exf2+ 23. Kxf2 dxc3 24. b3 Bd5 25. Bxd5 Rxd5 26. Bc7 Rd2+ 27. Kg3 Rxc2 28. a4 h5 29. Bf4 Re2 30. b4 c2 31. Rb3 Be5 0-1